000 00888nab a22002297a 4500
999 _c5578
_d5578
003 OSt
005 20251219094227.0
008 190429b xxu||||| |||| 00| 0 spa d
040 _cPJ
100 _91158
_aZaffaroni, Raúl Eugenio
245 1 0 _aAl rescate del Código destruido /
_cEugenio Raúl Zaffaroni.
260 _cCiudad Autónoma de Buenos Aires :
_aThomson Reuters La Ley,
_b2025.
300 _ap. 5-11
500 _aCita: TR LALEY AR/DOC/660/2025.
505 _tSi te interesa el texto completo, solicitalo a koha@justierradelfuego.gov.ar
650 0 _9343
_aDERECHO PENAL
650 0 _92758
_aASOCIACIÓN ILÍCITA
650 0 _92753
_aPARTICIPACIÓN CRIMINAL
650 0 _93136
_aDELITOS
773 0 _02658
_93164
_tRevista de derecho penal y criminología. Nº 5 - Junio 2025
_dCiudad Autónoma de Buenos Aires : Thomson Reuters La Ley, 2017-
_x00347914
942 _2udc
_cANA